000 00422cam a22001337a 4500
008 180718b1966 xxu||||| |||| 00| 0 eng d
082 _aB3 In2/D597
100 _aDimock, Marshall E.
245 _aStages of administrative growth
_cby Marshall E. Dimock
260 _aNew Delhi
_bIndian Institute of Public Administration
_c1966
300 _a106p.
650 _aUnited States --Economic policy.
650 _aEconomic policy
999 _c475913
_d475913